Biblioteca

Familia (Registro nro. 64319)

Detalles MARC
000 -LÍDER
Campo fijo de descripción fija 01375nam a2200385 a 4500
001 - NÚMERO DE CONTROL
Campo de control 768714001
003 - IDENTIFICADOR DEL NÚMERO DE CONTROL
Campo de control CO-MdFUSB
005 - FECHA Y HORA DE LA ULTIMA TRANSACCIÓN
control field 20180626131112.0
008 - ELEMENTOS DE LONGITUD FIJA -- INFORMACIÓN GENERAL
Campo fijo de descripción fija -- Información general 120103s2013 ck a gr 00110dspa d
020 ## - NÚMERO INTERNACIONAL NORMALIZADO PARA LIBROS
Número Internacional Normalizado del libro 9789589076866
040 ## - FUENTE DE CATALOGACIÓN
Agencia de catalogación original CO-BoBLA
Idioma de catalogación spa
Agencia que realiza la transcripción CO-MdFUSB
Agencia que realiza la modificación CO-MdFUSBC
Convenciones de la descripción rda
041 0# - CÓDIGO DE IDIOMA
Código de idioma para texto/pista de sonido o título separado spa
082 04 - NÚMERO DE CLASIFICACIÓN DECIMAL DEWEY
Número de clasificación 306.85
Clave de autor-Numero de item AS838
Número de la edición del Dewey 20
245 00 - TÍTULO
Título del Material Familia
Mención de responsabilidad, etc. / editoras: Catalina Ortíiz Laguado , Margarita María García Jaramillo
250 ## - MENCIÓN DE EDICIÓN
Mención de edición Primera edición
264 #1 - PRODUCCIÓN, PUBLICACIÓN, DISTRIBUCIÓN, MANUFACTURA, Y COPYRIGHT
Lugar de producción, publicación, distribución, manufactura Medellín :
Nombre del productor, publicador, distribuidor Corporación para Investigaciones Bioógicas,
Fecha de producción, publicación, distribución, manufactura, o copyright [2013]
300 ## - DESCRIPCIÓN FÍSICA
Extensión xxvii, 341 páginas. :
Otros detalles físicos iustraciones. ;
Dimensiones 16 cm.
336 ## - TIPO DE CONTENIDO
Fuente rdacontent
Término de tipo de contenido texto
Código de tipo de contenido txt
337 ## - TIPO DE MEDIO
Fuente rdamedia
Nombre del tipo de medio sin mediación
Código del tipo de medio n
338 ## - TIPO DE SOPORTE
Fuente rdacarrier
Nombre del tipo de soporte volumen
Código Tipo de soporte nc
490 0# - MENCIÓN DE SERIE
Mención de serie Aspectos claves
504 ## - NOTA DE BIBLIOGRAFÍA, ETC.
Nota de bibliografía, etc Incluye bibliografía [páginas: 330-331]
505 ## - NOTA DE CONTENIDO
Información miscelánea Unidad 1:
Título Generalidades de la familia
505 ## - NOTA DE CONTENIDO
Información miscelánea Unidad 2:
Título Caracterización de las familias
505 ## - NOTA DE CONTENIDO
Información miscelánea Unidad 3:
Título Familia y enfermedad
505 ## - NOTA DE CONTENIDO
Información miscelánea Unidad 4:
Título Familia en situaciones especiales
505 ## - NOTA DE CONTENIDO
Información miscelánea Unidad 5:
Título Ética y atención primaria en salud
650 ## - ASIENTO SECUNDARIO DE MATERIA - TERMINO TEMÁTICO
Término temático o nombre geográfico como elemento de entrada Familia.
650 ## - ASIENTO SECUNDARIO DE MATERIA - TERMINO TEMÁTICO
Término temático o nombre geográfico como elemento de entrada Familia
Subdivisión general Aspectos sociales.
720 ## - ASIENTO SECUNDARIO - NOMBRE NO CONTROLADO
Nombre Ortíz Laguado, Catalina
Término de relación editor.
720 ## - ASIENTO SECUNDARIO - NOMBRE NO CONTROLADO
Nombre García Jaramillo, Margarita María.
Término de relación editor.
942 ## - TIPO DE MATERIAL (KOHA)
Tipo de Item KOHA Libros General
949 ## - LOCAL PROCESSING INFORMATION (OCLC)
a c
b c
Existencias
Estado de Material Estado de Perdido Forma de Clasificación Estado de Dañado No para Préstamo Colección Biblioteca de Origen Biblioteca Permanente Fecha de Adquisición Forma de Adquisición Costo-Precio Total de Préstamos Signatura Topográfica Código de Barras Última vez visto Última vez Préstado Ejemplar/Existencia Fecha de Remplazo Tipo de Material
    Dewey Decimal Classification     Colección General Biblioteca FUSBC Biblioteca FUSBC 26/06/2018 Compra 30000.00 2 G 306.85 AS838 22032 21/10/2022 10/02/2020 Ej. 1 26/06/2018 Libros General

Biblioteca FUSBC | Teléfono: (57+4) 349 88 10 Ext. 141| WhatsApp (+57) 3005338115 
E-mail: biblioteca@unisbc.edu.co | Calle 76 87-14 Robledo Palenque, Medellín, Colombia

Con tecnología Koha